| 000 | 00520nam a22001817a 4500 | ||
|---|---|---|---|
| 005 | 20251108165022.0 | ||
| 008 | 250721s1993 xx 000 0 ara d | ||
| 082 | 1 | 4 | _a927.8/ستر |
| 245 | 1 | 0 | _aسترافنسكي / |
| 264 | 1 |
_aبيروت : _bدار الراتب الجامعية، _c1993. |
|
| 300 | _a72ص | ||
| 490 | 0 | _aسلاسل سوفنير : عالم الموسيقيين | |
| 650 | 1 | 7 | _aالتراجم |
| 650 | 1 | 7 | _aالموسيقى |
| 650 | 1 | 7 | _aالموسيقيون |
| 942 |
_2ddc _cBK |
||
| 999 |
_c20046 _d20046 |
||